000
00223nam a2200097Ia 4500
005
20251222114408.0
008
251222s1900||||xx |||||||||||||| ||spa||
082
_a
DVD0100/K87/1958
245
0
_a
Patrulla infernal:
942
_c
DVD
999
_c
1908
_d
1908